[Event "Skopje op"]
[Site "Skopje"]
[Date "2019.12.07"]
[Round "2"]
[White "Janeski, Leon"]
[Black "Ruseva, Eva"]
[Result "0-1"]
[WhiteElo "1288"]
[BlackElo "1746"]
[PlyCount "76"]
[EventDate "2019.12.06"]
[EventType "swiss"]
[EventRounds "9"]
[EventCountry "MKD"]
[SourceTitle "CBM 193 Extra"]
[Source "ChessBase"]
[SourceDate "2020.01.31"]
[SourceVersion "1"]
[SourceVersionDate "2020.01.31"]
[SourceQuality "1"]

1. e4 e6 2. d4 d5 3. exd5 exd5 4. Nf3 Bd6 5. Bd3 Nc6 6. 0-0 Bg4 7. c3 Nge7 8. Be3 Qd7 9. Nbd2 0-0-0 10. Qc2 Bf5 11. b4 Bxd3 12. Qxd3 Qf5 13. Qxf5+ Nxf5 14. Rfe1 f6 15. Nf1 Rde8 16. g3 Nb8 17. Re2 Nd7 18. Rae1 Nb6 19. Bc1 Rxe2 20. Rxe2 Kd7 21. N1d2 Na4 22. Nb1 a5 23. a3 Ra8 24. Kg2 Ra6 25. h3 Rc6 26. Bd2 Be7 27. Be1 Nd6 28. Rc2 axb4 29. axb4 Ne4 30. b5 Rb6 31. Nfd2 Nxd2 32. Nxd2 Rxb5 33. Nf3 Rb3 34. Ng1 Ba3 35. Ne2 Rb2 36. Rxb2 Nxb2 37. Kf3 Kc6 38. Kf4 Nd3+ 0-1

[Event "Skopje op"]
[Site "Skopje"]
[Date "2019.12.06"]
[Round "1"]
[White "Ruseva, Eva"]
[Black "Zlatanovic, Boroljub"]
[Result "0-1"]
[WhiteElo "1746"]
[BlackElo "2365"]
[PlyCount "62"]
[EventDate "2019.12.06"]
[EventType "swiss"]
[EventRounds "9"]
[EventCountry "MKD"]
[SourceTitle "CBM 193 Extra"]
[Source "ChessBase"]
[SourceDate "2020.01.31"]
[SourceVersion "1"]
[SourceVersionDate "2020.01.31"]
[SourceQuality "1"]

1. d4 g6 2. c4 Bg7 3. Nc3 d6 4. e4 e5 5. d5 f5 6. Nf3 Nf6 7. Qc2 Na6 8. Bd3 0-0 9. Bg5 Nb4 10. Qe2 c6 11. a3 Nxd3+ 12. Qxd3 c5 13. 0-0-0 fxe4 14. Nxe4 Bf5 15. Bxf6 Rxf6 16. Nfd2 Rf7 17. Qe3 Qf8 18. f3 Bxe4 19. Qxe4 Bh6 20. Kb1 Bxd2 21. Rxd2 Rb8 22. b3 b5 23. Rb2 a5 24. a4 Rf4 25. Qc2 bxa4 26. bxa4 Rxb2+ 27. Kxb2 e4 28. Qc3 exf3 29. gxf3 Rxf3 30. Qxa5 Rf2+ 31. Kc1 Qf4+ 0-1

[Event "EU-ch U14 Girls"]
[Site "Bratislava"]
[Date "2019.08.10"]
[Round "9"]
[White "Bashylina, Luisa"]
[Black "Ruseva, Eva"]
[Result "1/2-1/2"]
[WhiteElo "1989"]
[BlackElo "1796"]
[PlyCount "57"]
[EventDate "2019.08.02"]
[EventType "swiss"]
[EventRounds "9"]
[EventCountry "SVK"]
[SourceTitle "EXT 2020"]
[Source "ChessBase"]
[SourceDate "2019.10.17"]
[SourceVersion "1"]
[SourceVersionDate "2019.10.17"]
[SourceQuality "1"]

1. e4 e6 2. d4 d5 3. e5 c5 4. c3 Nc6 5. Nf3 Bd7 6. Be2 f6 7. 0-0 fxe5 8. Nxe5 Nxe5 9. dxe5 Qc7 10. Bf4 0-0-0 11. Nd2 Nh6 12. Nf3 Be7 13. b4 Rdf8 14. Be3 Ng4 15. Bxc5 Bxc5 16. bxc5 Nxe5 17. Nxe5 Qxe5 18. Qd2 Rd8 19. Rfe1 Qf6 20. Bf3 Rhe8 21. c4 Bc6 22. Qb4 e5 23. Rab1 dxc4 24. Bxc6 Qxc6 25. Qxc4 Rd5 26. Qg4+ Qd7 27. Qb4 Qc6 28. Rec1 Kb8 29. h3 1/2-1/2

[Event "EU Union-ch U14 16th"]
[Site "Mureck"]
[Date "2018.08.01"]
[Round "1"]
[White "Ruseva, Eva"]
[Black "Randrianarimanana, Alicia"]
[Result "1-0"]
[WhiteElo "1591"]
[BlackElo "1905"]
[PlyCount "111"]
[EventDate "2018.08.01"]
[EventType "swiss"]
[EventRounds "9"]
[EventCountry "AUT"]
[SourceTitle "CBM 186 Extra"]
[Source "ChessBase"]
[SourceDate "2018.08.24"]
[SourceVersion "1"]
[SourceVersionDate "2018.08.24"]
[SourceQuality "1"]

1. d4 Nf6 2. c4 g6 3. Nc3 Bg7 4. e4 d6 5. Bd3 0-0 6. Nge2 e5 7. dxe5 dxe5 8. 0-0 Be6 9. Qc2 Nc6 10. a3 a5 11. b3 Nd7 12. Be3 Nd4 13. Bxd4 exd4 14. Na4 Ne5 15. Nb2 Nc6 16. Rad1 Ne7 17. Nf4 Bd7 18. Be2 g5 19. Nfd3 f5 20. exf5 Bxf5 21. Bf3 c6 22. Rfe1 Ng6 23. Be4 Bc8 24. c5 Qf6 25. Nc4 Be6 26. Nd6 Rab8 27. b4 axb4 28. axb4 Rfd8 29. Ra1 Bf8 30. Nc4 Ne7 31. Nb6 Nc8 32. Nc4 Kh8 33. Nde5 Qg7 34. Bd3 Bd5 35. Be4 Bxc4 36. Nxc4 Be7 37. Ra2 Bf6 38. Qd3 Ne7 39. Rea1 Rf8 40. Ra7 Rfd8 41. Nb6 Be5 42. Ra8 Rxa8 43. Nxa8 Nc8 44. Re1 Rf8 45. h3 h5 46. Bf3 g4 47. hxg4 hxg4 48. Bxg4 Qxg4 49. Rxe5 Rg8 50. g3 Rd8 51. Re4 Qg7 52. Rh4+ Kg8 53. Qc4+ Kf8 54. Rf4+ Ke8 55. Qe6+ Qe7 56. Nc7# 1-0